Exposición de las funciones del Estado Mayor (Record no. 164456)

MARC details
000 -LEADER
campo de control de longitud fija 00638nam a2200157 i 4500
001 - NÚMERO DE CONTROL
campo de control 164456
003 - IDENTIFICADOR DE NÚMERO DE CONTROL
campo de control ES-MaACL
005 - FECHA Y HORA DE LA ÚLTIMA TRANSACCIÓN
campo de control 20230906212936.0
008 - DATOS DE LONGITUD FIJA--INFORMACIÓN GENERAL
campo de control de longitud fija 991122s1883 sp |||| | spa d
040 ## - FUENTE DE CATALOGACIÓN
Centro catalogador/agencia de origen CCPB | B
Lengua de catalogación spa
Centro/agencia transcriptor CCPB | B
100 1# - ENTRADA PRINCIPAL--NOMBRE DE PERSONA
Nombre de persona Salinas y Angulo, Ignacio.
9 (RLIN) 101954
245 10 - MENCIÓN DEL TÍTULO
Título Exposición de las funciones del Estado Mayor
Resto del título : en paz y en guerra /
Mención de responsabilidad, etc. por Ignacio Salinas y Angulo.
260 ## - PUBLICACIÓN, DISTRIBUCIÓN, ETC.
Lugar de publicación, distribución, etc. Madrid :
Nombre del editor, distribuidor, etc. [s.n.],
Fecha de publicación, distribución, etc. 1883 (
Fabricante imprenta y litografía del Depósito de la Guerra)
300 ## - DESCRIPCIÓN FÍSICA
Extensión 2 v. (XX, 376 p., [4] h. pleg.; XXVIII, 535 p., [1] h. pleg.) ;
Dimensiones 23 cm.
852 ## - LOCALIZACIÓN
Ubicación ES-MaACL
Número de control de estantería G-6635-36
Nota libre -- Enc. pasta española
Holdings
Estatus retirado Estado de pérdida Estado de daño No para préstamo Colección Biblioteca de origen Biblioteca actual Ubicación en estantería Fecha de adquisición Total de préstamos Signatura topográfica completa Código de barras Visto por última vez Precio de reemplazo Tipo de ítem Koha
        Libros del s. XIX Biblioteca del Ateneo de Madrid Biblioteca del Ateneo de Madrid Depósito 2 17/01/2008   G-6635-36 1172384 23/02/2023 23/02/2023 Libro impreso antiguo